000 00471nab a2200145Ia 4500
003 ES-SlBCS
005 20210601124316.0
008 140529s1986 xxu||||| |||| 00| 0 eng d
041 _aeng
100 1 _aSenese, Guy B.
_9139511
245 0 0 _aSelf-Determination and American Indian Education: An Illusion of Control
_c Guy B. Senese
650 0 4 _aEducación Americana
_9139512
773 0 _tEducational Theory
_gvol. 36, nº. 2, 1986, págs. 153-164
_wRev1399
942 _cAR
999 _c512691
_d512691